| 000 | 01389nam a2200253Ia 4500 | ||
|---|---|---|---|
| 999 |
_c38004 _d38004 |
||
| 001 | 3988 | ||
| 003 | GE_BSU | ||
| 005 | 20190909160027.0 | ||
| 008 | 181216s2003||||ge |||||||||||||| ||geo|| | ||
| 040 | _cGE_BSU | ||
| 041 | _ageo | ||
| 080 | _a327 ჩ–43 | ||
| 100 |
_aჩემპილი, ერნსტ-ოტო _93933 |
||
| 245 |
_aმსოფლიო პოლიტიკა გარდატეხის პროცესში : _bსაერთ. სისტემა აღმ.-დას. კონფლიქტის დასრულების შემდეგ / _cგერმ. თარგმნა ნინო კიღურაძემ ; სამეცნ. რედ.: ნოდარ კიკვაძე. |
||
| 264 |
_aთბ. : _bლეგა, _c2003. |
||
| 300 |
_a189 გვ. ; _b19 სმ. |
||
| 490 | _aსოციალურ მეცნიერებათა სერია | ||
| 500 | _aშენიშვნები: გვ. 180-189. | ||
| 653 | _a საერთაშორისო პოლიტიკა | ||
| 653 | _aკონფლიქტების მოგვარება მშვიდობიანი გზით | ||
| 700 |
_aკიღურაძე, ნინო _eმთარგმნელი _91005 |
||
| 700 |
_aკიკვაძე, ნ. _eრედაქტორი _93934 |
||
| 942 |
_cBK _2udc |
||